000 00468nam a2200181Ia 4500
003 GCL
008 140319s9999 xx 000 0 eng d
040 _aGCL /
_cGCL
082 0 4 _a617.3
_bO A
100 1 _aOMBREGT, LUAWIG
245 1 0 _aA SYSTEM OF ORTHOPAEDIC MEDICINE /
_cOMBREGT, LUAWIG
700 1 _aBISSCHOP, PIERRE
260 _a[S.N] :
_bW.B. SAUNDERS COMPANY ،
_c1995
300 _a974
650 0 4 _aORTHOPEDICS
650 0 4 _aMEDICINE
942 _2ddc
_cBK
999 _c10852
_d10852